000 00869cam a22002653a 4500
001 32234
003 PGUSA
005 20140828083710.0
008 100503s2010||||xxu|||||s|||||000 1 eng d
040 _aPGUSA
_beng
042 _adc
050 4 _aPH
100 1 _aJókai, Mór,
_d1825-1904
245 1 4 _aThe Lion of Janina; Or, The Last Days of the Janissaries :
_bA Turkish Novel
_h[electronic resource] /
_cMór Jókai
260 _bProject Gutenberg,
_c2010
506 _aPublic domain in the USA.
516 _aElectronic text
653 _aJanizaries -- Fiction
653 _aAli Pasa, Tepedelenli, 1744?-1822 -- Fiction
653 _aTurkey -- History -- Mahmud II, 1808-1839 -- Fiction
700 1 _aBain, R. Nisbet
_q(Robert Nisbet),
_d1854-1909
830 0 _aProject Gutenberg
_v32234
856 4 0 _uhttp://www.gutenberg.org/ebooks/32234
942 _cEB
999 _c261489
_d261489